Uniformes de la 2nd guerre mondiale par pays - Statistiques

Statistiques générales
  • Ce quiz a été pris 166 fois
  • Le résultat moyen est 7 sur 8
Statistiques - réponses
Par images Réponse % Correct
Allemagne
99%
Etats-Unis
99%
France
99%
Japon
98%
Royaume-Uni
96%
Italie
94%
Russie
86%
Pologne
69%
Aucun quiz correspondant
Distribution des résultats
% des personnes avec chaque résultat
Percentile par nombre de réponses
Votre historique - résultats
Vous n’avez pas pris ce quiz